[Event "ESP-ch U12 rapid"]
[Site "Salobrena"]
[Date "2024.07.14"]
[Round "8"]
[White "Macias Verano, Jose Maria"]
[Black "Goni Sierro, Jon"]
[Result "1-0"]
[WhiteElo "1652"]
[BlackElo "1870"]
[PlyCount "85"]
[EventDate "2024.07.13"]
[EventType "swiss (rapid)"]
[EventRounds "9"]
[EventCountry "ESP"]
[SourceTitle "EXT 2025"]
[Source "ChessBase"]
[SourceDate "2024.10.14"]
[SourceVersion "1"]
[SourceVersionDate "2024.10.14"]
[SourceQuality "1"]

1. e4 c5 2. Nf3 e6 3. Nc3 a6 4. d4 cxd4 5. Nxd4 Qc7 6. Be2 Nc6 7. Be3 Nf6 8. 0-0 d6 9. Bf3 Be7 10. Re1 0-0 11. Qd2 Ne5 12. Be2 b5 13. f4 Nc4 14. Bxc4 Qxc4 15. b3 Qc7 16. Nf3 b4 17. Na4 Nxe4 18. Qxb4 d5 19. Qb6 Qxb6 20. Nxb6 Rb8 21. Nxc8 Rfxc8 22. Rec1 Ba3 23. Re1 Rxc2 24. Bc1 Bxc1 25. Rexc1 Rbc8 26. Rxc2 Rxc2 27. Ne1 Rc6 28. Nd3 Kf8 29. Rc1 Rxc1+ 30. Nxc1 Nc3 31. Kf2 Ke7 32. Ke3 Kd6 33. Kd4 Nb5+ 34. Kd3 Kc5 35. a4 Nd6 36. Ne2 Ne4 37. Nc1 a5 38. Na2 h6 39. h3 g6 40. Nc1 Kb4 41. Kc2 Nc5 42. Kb2 Ne4 43. Nd3# 1-0

[Event "ESP-ch U12"]
[Site "Salobrena"]
[Date "2024.07.08"]
[Round "2"]
[White "Sanchez Gonzalez, Diego"]
[Black "Macias Verano, Jose Maria"]
[Result "1-0"]
[WhiteElo "1905"]
[BlackElo "1670"]
[PlyCount "89"]
[EventDate "2024.07.08"]
[EventType "swiss"]
[EventRounds "9"]
[EventCountry "ESP"]
[SourceTitle "EXT 2025"]
[Source "ChessBase"]
[SourceDate "2024.10.14"]
[SourceVersion "1"]
[SourceVersionDate "2024.10.14"]
[SourceQuality "1"]

1. e4 c5 2. c3 d5 3. exd5 Qxd5 4. d4 Nf6 5. Nf3 Bg4 6. Be2 Nc6 7. Be3 cxd4 8. cxd4 e6 9. Nc3 Bb4 10. 0-0 Bxc3 11. bxc3 0-0 12. Qa4 e5 13. c4 Qd6 14. d5 Ne7 15. Rfd1 b6 16. Rac1 Rfc8 17. Qa6 Bxf3 18. Bxf3 e4 19. Be2 Nf5 20. c5 bxc5 21. Bxc5 Qxa6 22. Bxa6 Rd8 23. Bb7 Rab8 24. Bc6 Rb2 25. Bxa7 Ng4 26. h3 Ne5 27. a4 Nd3 28. Rb1 h5 29. Rxb2 Nxb2 30. Rb1 Nxa4 31. Bxa4 Rxd5 32. Bc2 Re5 33. Rb4 g6 34. Bxe4 Ne7 35. Rb8+ Kh7 36. Bd4 Nc6 37. Bxe5 Nxe5 38. Re8 Nd7 39. Re7 Nc5 40. Rxf7+ Kh6 41. Bb1 Kg5 42. f4+ Kh4 43. Kh2 Ne4 44. Bxe4 g5 45. g3# 1-0